UBT Library

The design and analysis of parallel algorithms / (Record no. 40455)

000 -LEADER
fixed length control field 00687cam a2200229 a 4500
001 - CONTROL NUMBER
control field 1965601
005 - DATE AND TIME OF LATEST TRANSACTION
control field 20180118050225.0
008 - FIXED-LENGTH DATA ELEMENTS--GENERAL INFORMATION
fixed length control field 880722s1989 njua b 001 0 eng
010 ## - LIBRARY OF CONGRESS CONTROL NUMBER
LC control number 88025019
020 ## - INTERNATIONAL STANDARD BOOK NUMBER
International Standard Book Number 0132000563
040 ## - CATALOGING SOURCE
Original cataloging agency DLC
Transcribing agency DLC
Modifying agency DLC
-- WaU
-- DLC
041 ## - LANGUAGE CODE
Language code of text/sound track or separate title eng
080 ## - UNIVERSAL DECIMAL CLASSIFICATION NUMBER
Universal Decimal Classification number 004.35
082 00 - DEWEY DECIMAL CLASSIFICATION NUMBER
Classification number 004.35 AKL
Edition number 21
100 1# - Rafti
Rafti 30
101 ## - Shkurtesa
Shkurtesa SHKI
245 14 - TITLE STATEMENT
Title The design and analysis of parallel algorithms /
Statement of responsibility, etc Selim G. Akl.
504 ## - BIBLIOGRAPHY, ETC. NOTE
Bibliography, etc Includes bibliographies and indexes.
906 ## - LOCAL DATA ELEMENT F, LDF (RLIN)
a 7
b cbc
c orignew
d 1
e ocip
f 19
g y-gencatlg
942 ## - ADDED ENTRY ELEMENTS (KOHA)
Source of classification or shelving scheme
Item type Books
Holdings
Withdrawn status Lost status Source of classification or shelving scheme Damaged status Not for loan Collection code Permanent location Current location Shelving location Date acquired Total Checkouts Full call number Barcode Date last seen Price effective from Koha item type
          Koleksioni i përgjithshem UBT - Lipjan UBT - Lipjan Koleksioni i përgjithshem 01/18/2018   004.35 AKL 002-2995836 01/18/2018 01/18/2018 Books
UBT Library © 2015-2024. All rights reserved University Education for Business and Technology